[Event "South Wales Autumn Premier"]
[Site "Newport"]
[Date "2019.11.16"]
[Round "3"]
[White "Blackmore, Simon"]
[Black "Fox, Chris"]
[Result "1-0"]
[WhiteElo "1604"]
[BlackElo "1675"]
[PlyCount "51"]
[EventDate "2019.11.15"]
[EventType "swiss"]
[EventRounds "5"]
[EventCountry "WLS"]
[SourceTitle "EXT 2022"]
[Source "ChessBase"]
[SourceDate "2021.10.06"]
[SourceVersion "1"]
[SourceVersionDate "2021.10.06"]
[SourceQuality "1"]

1. d4 Nf6 2. Nf3 d5 3. Bg5 Nbd7 4. e3 e6 5. Nbd2 Be7 6. c3 h6 7. Bh4 c5 8. Bd3 b6 9. Bb5 Qc7 10. Ne5 Bb7 11. Bxf6 Bxf6 12. Nxd7 Ke7 13. Nxf6 gxf6 14. Be2 Rag8 15. Bf3 Ba6 16. dxc5 bxc5 17. g3 h5 18. Bxh5 Qe5 19. Be2 Bb7 20. Qb3 Rb8 21. Qa3 Qc7 22. Nb3 Rhc8 23. Ba6 d4 24. Bxb7 Qxb7 25. 0-0 dxc3 26. bxc3 1-0

[Event "South Wales Autumn Premier"]
[Site "Newport"]
[Date "2019.11.16"]
[Round "2"]
[White "Fox, Chris"]
[Black "Quinn, Peter"]
[Result "1/2-1/2"]
[WhiteElo "1675"]
[BlackElo "1595"]
[PlyCount "30"]
[EventDate "2019.11.15"]
[EventType "swiss"]
[EventRounds "5"]
[EventCountry "WLS"]
[SourceTitle "EXT 2022"]
[Source "ChessBase"]
[SourceDate "2021.10.06"]
[SourceVersion "1"]
[SourceVersionDate "2021.10.06"]
[SourceQuality "1"]

1. d4 d5 2. Nf3 Nf6 3. e3 e6 4. Bd3 Bd6 5. Nbd2 0-0 6. 0-0 Nbd7 7. b3 b6 8. Bb2 Bb7 9. c4 c5 10. cxd5 exd5 11. Rc1 cxd4 12. exd4 Re8 13. Re1 Rxe1+ 14. Qxe1 Qe8 15. Qxe8+ Rxe8 1/2-1/2

[Event "WLS-ch Major 65th"]
[Site "Cardiff"]
[Date "2019.04.22"]
[Round "6"]
[White "Fox, Chris"]
[Black "Fraser, Susanna"]
[Result "0-1"]
[WhiteElo "1685"]
[BlackElo "1649"]
[PlyCount "78"]
[EventDate "2019.04.19"]
[EventType "swiss"]
[EventRounds "7"]
[EventCountry "WLS"]
[SourceTitle "CBM 190 Extra"]
[Source "ChessBase"]
[SourceDate "2019.07.15"]
[SourceVersion "1"]
[SourceVersionDate "2019.07.15"]
[SourceQuality "1"]

1. d4 d5 2. Nf3 Nf6 3. Bf4 e6 4. e3 Be7 5. Bd3 0-0 6. h3 Nbd7 7. 0-0 c5 8. c3 c4 9. Bc2 b5 10. Nbd2 Bb7 11. Re1 Qb6 12. e4 dxe4 13. Nxe4 Nxe4 14. Bxe4 Bxe4 15. Rxe4 Bd6 16. Ne5 Nf6 17. Re2 Qc7 18. Bh2 Nd5 19. Qd2 a6 20. Rf1 Rad8 21. Nf3 Bxh2+ 22. Nxh2 Qf4 23. Qxf4 Nxf4 24. Re3 Nd5 25. Re5 h6 26. a3 Nb6 27. f4 Rd5 28. Ng4 Rxe5 29. fxe5 Na4 30. Rf2 Kh7 31. Kf1 h5 32. Ne3 Kg6 33. Nd1 Rb8 34. Ke2 a5 35. Ke3 b4 36. axb4 axb4 37. Ke4 bxc3 38. bxc3 Rb1 39. Rd2 Rxd1 0-1

[Event "WLS-ch Major 65th"]
[Site "Cardiff"]
[Date "2019.04.22"]
[Round "7"]
[White "Robinson, David"]
[Black "Fox, Chris"]
[Result "0-1"]
[WhiteElo "1905"]
[BlackElo "1685"]
[PlyCount "86"]
[EventDate "2019.04.19"]
[EventType "swiss"]
[EventRounds "7"]
[EventCountry "WLS"]
[SourceTitle "CBM 190 Extra"]
[Source "ChessBase"]
[SourceDate "2019.07.15"]
[SourceVersion "1"]
[SourceVersionDate "2019.07.15"]
[SourceQuality "1"]

1. e4 e6 2. d4 d5 3. Nc3 dxe4 4. Nxe4 Bd7 5. Nf3 Bc6 6. Bd3 Nd7 7. Bf4 Be7 8. Qe2 Ngf6 9. 0-0 Bxe4 10. Bxe4 Nxe4 11. Qxe4 c6 12. Rfe1 0-0 13. Rad1 Nf6 14. Qd3 Nd5 15. Bg3 Bf6 16. c4 Ne7 17. Qb3 Qb6 18. Qa3 Nf5 19. Be5 Bxe5 20. dxe5 Rfd8 21. c5 Qc7 22. h3 b6 23. Qc3 b5 24. g4 Ne7 25. Rd6 Nd5 26. Qc2 Rac8 27. Nd4 Ne7 28. Qe4 Qa5 29. a3 Qa6 30. f4 g6 31. Rf1 Kh8 32. Kh1 b4 33. Rf3 Qc4 34. axb4 Qc1+ 35. Kg2 Qxb2+ 36. Kg3 Qxb4 37. Rb3 Qxc5 38. Rb7 Rxd6 39. exd6 Qxd6 40. Rxa7 g5 41. Rxe7 Qxe7 42. f5 Qd6+ 43. Kg2 Qd5 0-1

[Event "South Wales New Year op"]
[Site "Bridgend"]
[Date "2019.01.05"]
[Round "3"]
[White "Borkowski, J Andrew"]
[Black "Fox, Chris"]
[Result "1/2-1/2"]
[WhiteElo "1835"]
[BlackElo "1675"]
[PlyCount "65"]
[EventDate "2019.01.04"]
[EventType "swiss"]
[EventRounds "5"]
[EventCountry "WLS"]
[SourceTitle "EXT 2020"]
[Source "ChessBase"]
[SourceDate "2019.10.17"]
[SourceVersion "1"]
[SourceVersionDate "2019.10.17"]
[SourceQuality "1"]

1. b4 e5 2. Bb2 d6 3. c4 f5 4. e3 Nf6 5. Nf3 Be7 6. d4 e4 7. Nfd2 0-0 8. Nc3 c6 9. a4 d5 10. Qb3 Be6 11. c5 Qc7 12. h3 f4 13. 0-0-0 Nbd7 14. Ncxe4 fxe3 15. Nxf6+ Nxf6 16. Qxe3 Bf7 17. Bd3 Rae8 18. Qe5 Qd8 19. Qh2 b6 20. Nf3 Ne4 21. Bxe4 dxe4 22. Nd2 Bf6 23. Qd6 Qxd6 24. cxd6 Bd5 25. Rhe1 Re6 26. Re2 Bg5 27. Kc2 Bxd2 28. Rdxd2 Rxd6 29. Ba3 Rc8 30. Re3 Re6 31. Rde2 Rce8 32. Kc3 Kf7 33. Bc1 1/2-1/2

[Event "Tom Weston Major op"]
[Site "Cardiff"]
[Date "2018.04.02"]
[Round "6"]
[White "Fox, Chris"]
[Black "Camp, Syringa Lyn"]
[Result "1-0"]
[WhiteElo "1669"]
[BlackElo "1676"]
[PlyCount "41"]
[EventDate "2018.03.30"]
[EventType "swiss"]
[EventRounds "7"]
[EventCountry "WLS"]
[SourceTitle "EXT 2020"]
[Source "ChessBase"]
[SourceDate "2019.10.17"]
[SourceVersion "1"]
[SourceVersionDate "2019.10.17"]
[SourceQuality "1"]

1. d4 g6 2. e4 Bg7 3. Nc3 e6 4. Be3 d6 5. Qd2 Ne7 6. 0-0-0 0-0 7. f3 Nbc6 8. g4 a5 9. h4 f5 10. h5 Kf7 11. Nh3 Rh8 12. d5 Nb4 13. dxe6+ Ke8 14. Ng5 Kf8 15. Nf7 Qe8 16. hxg6 f4 17. Bxf4 Bxc3 18. bxc3 Nxa2+ 19. Kb2 Bxe6 20. Bh6+ Kg8 21. Qd4 1-0

[Event "WLS-chT 1516"]
[Site "Wales"]
[Date "2016.03.13"]
[Round "5.16"]
[White "Thomas, Roy"]
[Black "Fox, Chris"]
[Result "0-1"]
[WhiteElo "1730"]
[BlackElo "1732"]
[PlyCount "100"]
[EventDate "2015.11.01"]
[EventType "team-tourn"]
[EventRounds "7"]
[EventCountry "WLS"]
[SourceTitle "EXT 2018"]
[Source "ChessBase"]
[SourceDate "2017.10.13"]
[SourceVersion "1"]
[SourceVersionDate "2017.10.13"]
[SourceQuality "1"]

1. f4 d5 2. e3 g6 3. Nf3 Bg7 4. Be2 Nf6 5. 0-0 0-0 6. d3 c5 7. Nc3 Nc6 8. e4 d4 9. Na4 Nd7 10. c4 b6 11. Qe1 e6 12. Bd2 a6 13. b3 Qe7 14. Nb2 f5 15. e5 Bb7 16. Qg3 Nd8 17. Nd1 Re8 18. Nf2 Nf8 19. h4 h5 20. Nh3 Nf7 21. Rfb1 Reb8 22. b4 Bc6 23. a4 Qe8 24. b5 axb5 25. axb5 Bb7 26. Nfg5 Nh6 27. Bf3 Ng4 28. Rxa8 Bxa8 29. Ra1 Qc8 30. Ra7 Bb7 31. Qe1 Bh6 32. Qa1 Bxg5 33. Nxg5 Bxf3 34. Nxf3 Nh6 35. Ng5 Ng4 36. Qd1 Rb7 37. Qa4 Qc7 38. Ra8 Qd7 39. Rxf8+ Kxf8 40. Qa8+ Ke7 41. Nh7 Qc7 42. Qf8+ Kd7 43. Ng5 Ra7 44. Qf7+ Kc8 45. Qxe6+ Kb8 46. g3 Ra1+ 47. Kg2 Ra2 48. Nf3 Qb7 49. Qg8+ Ka7 50. Qd5 Ne3+ 0-1

[Event "Tom Weston Major op"]
[Site "Cardiff"]
[Date "2015.04.03"]
[Round "2"]
[White "Lutchman Singh, Karanvir"]
[Black "Fox, Chris"]
[Result "1-0"]
[WhiteElo "1392"]
[BlackElo "1761"]
[PlyCount "33"]
[EventDate "2015.04.03"]
[EventType "swiss"]
[EventRounds "7"]
[EventCountry "WLS"]
[SourceTitle "EXT 2018"]
[Source "ChessBase"]
[SourceDate "2017.10.13"]
[SourceVersion "1"]
[SourceVersionDate "2017.10.13"]
[SourceQuality "1"]

1. e4 e6 2. d4 d5 3. e5 c5 4. c3 Nc6 5. Nf3 Qb6 6. a3 c4 7. Nbd2 Na5 8. Be2 Bd7 9. 0-0 Ne7 10. Rb1 Ng6 11. Ng5 Nf4 12. Bg4 f6 13. exf6 gxf6 14. Bh5+ Ng6 15. Nxh7 Kf7 16. Qg4 Rg8 17. Nf3 1-0